000 00608nam a2200253Ia 4500
005 20260121161119.0
008 008 260114s9999 xx 000 0 eng d
020 _a9781351076470
037 _aEBOOK
040 _aCRL
040 _beng
040 _cCRL
041 _2eng
041 _aeng
084 _qCRL
100 _a Hilderbrand
_91040369
245 4 _aThe Role of Phosphonates in Living Systems
260 _bTaylor and Francis
260 _c1983
856 _uhttp://www.taylorfrancis.com/books/9781351076470
942 _cEBOOK
999 _c1607185
_d1607185